Trial of Samuel M. Andrews for the murder of Cornelius Holmes / (Record no. 83976)

MARC details
000 -LEADER
campo de control de longitud fija 00600nam a2200181 i 4500
001 - NÚMERO DE CONTROL
campo de control 83976
003 - IDENTIFICADOR DE NÚMERO DE CONTROL
campo de control ES-MaACL
005 - FECHA Y HORA DE LA ÚLTIMA TRANSACCIÓN
campo de control 20251112170653.0
007 - CAMPO FIJO DE DESCRIPCIÓN FÍSICA--INFORMACIÓN GENERAL
campo de control de longitud fija t|
008 - DATOS DE LONGITUD FIJA--INFORMACIÓN GENERAL
campo de control de longitud fija 041119s18601899sp ||||1| eng d
100 1# - ENTRADA PRINCIPAL--NOMBRE DE PERSONA
Nombre de persona Jarvis, Edward (
Fechas asociadas al nombre 1803-1884)
9 (RLIN) 66146
245 10 - MENCIÓN DEL TÍTULO
Título Trial of Samuel M. Andrews for the murder of Cornelius Holmes /
Mención de responsabilidad, etc. Edward Jarvis.
260 ## - PUBLICACIÓN, DISTRIBUCIÓN, ETC.
Lugar de publicación, distribución, etc. [S.l. :
Nombre del editor, distribuidor, etc. s.n.,
Fecha de publicación, distribución, etc. 186-?]
300 ## - DESCRIPCIÓN FÍSICA
Extensión 23 p. ;
Dimensiones 20 cm.
600 17 - PUNTO DE ACCESO ADICIONAL DE MATERIA--NOMBRE DE PERSONA
Nombre de persona Holmes, Cornelius,
Fechas asociadas al nombre 1814-1868
Fuente del encabezamiento o término
9 (RLIN) 161418
852 ## - LOCALIZACIÓN
Ubicación ES-MaACL
Número de control de estantería T-473-F-10
condición física .- Falto de la cub. original
Nota libre .- Enc. en un vol. facticio
Holdings
Estatus retirado Estado de pérdida Estado de daño No para préstamo Colección Biblioteca de origen Biblioteca actual Ubicación en estantería Fecha de adquisición Fuente de adquisición Total de préstamos Signatura topográfica completa Código de barras Visto por última vez Precio de reemplazo Tipo de ítem Koha
        Colección de folletos Biblioteca del Ateneo de Madrid Biblioteca del Ateneo de Madrid Depósito folletos 17/01/2008     T-473-F-10 1087763 23/02/2023 23/02/2023 Folleto